Phương tiện kỹ thuật dạy học và ứng dụng công nghệ thông tin trong dạy học ở tiểu học Tập 1 Tài liệu bồi dưỡng
gồm có 2 nội dung: Làm quen với thống kê số liệu; Hình chữ nật- hình tứ giác
Đã lưu trong:
| Tác giả của công ty: | |
|---|---|
| Định dạng: | Sách |
| Những chủ đề: | |
| Các nhãn: |
Thêm thẻ
Không có thẻ, Là người đầu tiên thẻ bản ghi này!
|
| Thư viện lưu trữ: | Trung tâm Học liệu Lê Vũ Hùng, Trường Đại học Đồng Tháp |
|---|
| LEADER | 01301pmm a22003018a 4500 | ||
|---|---|---|---|
| 001 | 00030192 | ||
| 005 | 20171026081023.0 | ||
| 008 | 121225s |||||| sd | ||
| 082 | 1 | 4 | |a 371.33 |b PH561T |
| 110 | 1 | # | |a Dự án phát triển giáo viên tiểu học |b Bộ Giáo dục và Đào tạo |
| 245 | 0 | 0 | |b Tài liệu bồi dưỡng |a Phương tiện kỹ thuật dạy học và ứng dụng công nghệ thông tin trong dạy học ở tiểu học Tập 1 |h nguồn liệu điện tử] |
| 300 | # | # | |a 1 đĩa CD |c 4 3/4 in. |
| 500 | # | # | |a Tài liệu được xuất bản trong khuôn khổ Dự án phát triển Giáo viên Tiểu học (không thu tiền) |
| 520 | # | # | |a gồm có 2 nội dung: Làm quen với thống kê số liệu; Hình chữ nật- hình tứ giác |
| 653 | # | # | |a Công nghệ thông tin |
| 653 | # | # | |a Đĩa CD |
| 653 | # | # | |a Phương tiện dạy học |
| 653 | # | # | |a Giáo dục |
| 852 | # | # | |j DPT.0000242 |
| 852 | # | # | |b Kho đa phương tiện |j DPT.0000242 |
| 910 | |d 25/12/2012 | ||
| 980 | # | # | |a Trung tâm Học liệu Lê Vũ Hùng, Trường Đại học Đồng Tháp |